| 000 | 01755nam a2200457 i 4500 | ||
|---|---|---|---|
| 001 | 193098 | ||
| 003 | SpMaBN | ||
| 005 | 20250801145413.0 | ||
| 007 | ta | ||
| 008 | 230727s2007 sp | ||||o000 0 spa | ||
| 015 | _aMON0807 | ||
| 017 |
_aZ 161-2008 _bOficina Depósito Legal Zaragoza |
||
| 035 | _a(OCoLC)434404823 | ||
| 035 | _aFF3354963 | ||
| 040 |
_aSpMaBN _bspa _cSpMaBN _erdc |
||
| 080 | _a82.09"18" | ||
| 080 | _a133.5(0:82) | ||
| 245 | 0 | 0 |
_aSimbolismo y hermetismo : _baproximación a la modernidad estética / _cMassaud Moisés ... [et al.] ; Luis Beltrán Almería y José Luis Rodríguez García, coords. |
| 250 | _a1ªed. | ||
| 260 |
_aZaragoza : _bPrensas Universitarias de Zaragoza, _c2007 |
||
| 300 |
_a184 p. ; _c22 cm |
||
| 336 |
_2rdacontent _aTexto |
||
| 337 |
_2rdamedia _asin mediación |
||
| 338 |
_2rdacarrier _avolumen |
||
| 490 | 1 |
_aHumanidades ; _v65 |
|
| 500 | _aCatalogación provisional. Signatura: N 8570. Depósito J. | ||
| 504 | _aIncluye referencias bibliográficas | ||
| 650 | 7 |
_aSimbolismo (Literatura) _2embne _917107 |
|
| 650 | 7 |
_aHermetismo _xEn la literatura _2embne _9233948 |
|
| 700 | 1 |
_aMoisés, Massaud _9233949 |
|
| 700 | 1 |
_aBeltrán Almería, Luis, _d1955- _9233950 |
|
| 700 | 0 |
_aRodríguez García, José Luis, _d1949-2022 _998541 |
|
| 830 | 0 |
_aHumanidades (Universidad de Zaragoza) ; _v65 _9233951 |
|
| 852 |
_aES-MaACL _9200406 _bR.153362 _jN-8570 _cDEPOJ _hDonación: Juan Carlos Peira _zEn proceso |
||
| 903 |
_9233847 _aPeira, Juan Carlos _ednr |
||
| 942 |
_n0 _cMONOGRAFIA |
||
| 999 |
_c193098 _d193098 |
||